[Event "North American-ch U20"]
[Site "Kitchener"]
[Date "2015.07.27"]
[Round "2"]
[White "Chen, Richard"]
[Black "Ming, Wenyang"]
[Result "1-0"]
[WhiteElo "2082"]
[BlackElo "1834"]
[PlyCount "77"]
[EventDate "2015.07.26"]
[EventType "swiss"]
[EventRounds "9"]
[EventCountry "CAN"]
[SourceTitle "EXT 2019"]
[Source "ChessBase"]
[SourceDate "2018.10.10"]
[SourceVersion "1"]
[SourceVersionDate "2018.10.10"]
[SourceQuality "1"]

1. e4 c5 2. Nf3 d6 3. d4 Nf6 4. Nc3 cxd4 5. Nxd4 g6 6. h3 Bg7 7. g4 Nc6 8. Nde2 Bd7 9. Bg2 Qc8 10. Be3 h5 11. g5 Nh7 12. f4 Nf8 13. Qd3 Ne6 14. 0-0 0-0 15. f5 Nc5 16. Bxc5 Ne5 17. Qg3 Qxc5+ 18. Kh1 Nc4 19. f6 exf6 20. gxf6 Bh6 21. Nd5 Nxb2 22. Nef4 Kh7 23. Rab1 Qxc2 24. Rbc1 Qa4 25. Qc3 Qxa2 26. Ra1 Qc4 27. Qxb2 Qb5 28. Qd2 Rfc8 29. Rfb1 Qc5 30. Rxb7 Rd8 31. Rc1 Qa3 32. Rcc7 Qa4 33. Qf2 a5 34. Nb6 Qa1+ 35. Bf1 Qxf6 36. Nxd7 Qxf4 37. Nf6+ Kh8 38. Qxf4 Bxf4 39. Rxf7 1-0

[Event "Francophone-ch 3rd"]
[Site "Montreal"]
[Date "2015.07.24"]
[Round "8"]
[White "Durette, Francis"]
[Black "Ming, Wenyang"]
[Result "1-0"]
[WhiteElo "1994"]
[BlackElo "1834"]
[PlyCount "119"]
[EventDate "2015.07.17"]
[EventType "swiss"]
[EventRounds "9"]
[EventCountry "CAN"]
[SourceTitle "EXT 2016"]
[Source "ChessBase"]
[SourceDate "2015.10.08"]
[SourceVersion "1"]
[SourceVersionDate "2015.10.08"]
[SourceQuality "1"]

1. e4 c5 2. Nf3 d6 3. d4 cxd4 4. Nxd4 Nf6 5. Nc3 g6 6. f3 Bg7 7. Be3 0-0 8. Qd2 Nc6 9. 0-0-0 d5 10. exd5 Nxd5 11. Nxc6 bxc6 12. Bd4 e5 13. Bc5 Be6 14. Ne4 h6 15. Bc4 Qc7 16. Bxf8 Rxf8 17. Nc5 Bf5 18. Ne4 Be6 19. h4 f5 20. Nc5 Bf7 21. Bb3 Re8 22. Rhe1 Qe7 23. Qf2 Qf6 24. Nd7 Qe7 25. Nc5 Qf6 26. Nd3 Bh8 27. Re2 Re7 28. Rde1 Qd6 29. Qc5 Qxc5 30. Nxc5 Bf6 31. g3 Nb6 32. Bxf7+ Kxf7 33. Nd3 Nd7 34. Nb4 Re6 35. Nd3 Re7 36. b3 Re6 37. g4 a5 38. Rd1 Ke8 39. Nf4 Re7 40. Nxg6 Rg7 41. h5 Rg8 42. Rd6 c5 43. Red2 Rg7 44. Re6+ Be7 45. Ra6 Bd8 46. Ra8 e4 47. fxe4 fxe4 48. Rd6 e3 49. Kd1 Rh7 50. Ke2 Rg7 51. c3 Rh7 52. Kxe3 Rg7 53. Kd2 Rh7 54. Nf4 Ke7 55. Re6+ Kf7 56. Rxd8 Nf8 57. Ree8 Rh8 58. Ng6 Rg8 59. Rxf8+ Rxf8 60. Rxf8+ 1-0

[Event "Pan American-ch U12"]
[Site "Cali"]
[Date "2015.07.02"]
[Round "7"]
[White "Ming, Wenyang"]
[Black "Hernandez Placeres, Ronald"]
[Result "1/2-1/2"]
[WhiteElo "1814"]
[BlackElo "1930"]
[PlyCount "45"]
[EventDate "2015.06.28"]
[EventType "swiss"]
[EventRounds "9"]
[EventCountry "COL"]
[SourceTitle "EXT 2016"]
[Source "ChessBase"]
[SourceDate "2015.10.08"]
[SourceVersion "1"]
[SourceVersionDate "2015.10.08"]
[SourceQuality "1"]

1. e4 c5 2. d4 cxd4 3. c3 dxc3 4. Nxc3 Nc6 5. Nf3 d6 6. Bc4 e6 7. 0-0 Nf6 8. Qe2 Be7 9. Rd1 e5 10. h3 0-0 11. Be3 Be6 12. Rac1 Bxc4 13. Qxc4 Rc8 14. Qe2 Qd7 15. Rc2 Rfd8 16. Rcd2 h6 17. Qd3 b6 18. a3 Qb7 19. b4 Nb8 20. Rc2 Rc7 21. Rdc1 Rdc8 22. Nd2 a6 23. Nb3 1/2-1/2

[Event "North American-ch U20"]
[Site "Kitchener"]
[Date "2014.08.02"]
[Round "5.7"]
[White "Preotu, Razvan"]
[Black "Ming, Wenyang"]
[Result "1-0"]
[WhiteElo "2341"]
[BlackElo "1782"]
[PlyCount "75"]
[EventDate "2014.07.31"]
[EventType "swiss"]
[EventRounds "9"]
[EventCountry "CAN"]
[SourceTitle "EXT 2022"]
[Source "ChessBase"]
[SourceDate "2021.10.06"]
[SourceVersion "1"]
[SourceVersionDate "2021.10.06"]
[SourceQuality "1"]

1. e4 c5 2. Nf3 d6 3. d4 cxd4 4. Nxd4 Nf6 5. Nc3 g6 6. Be3 Bg7 7. f3 0-0 8. Qd2 Nc6 9. g4 Bxg4 10. fxg4 Nxg4 11. Nb3 Nxe3 12. Qxe3 Ne5 13. 0-0-0 a5 14. a4 Rc8 15. Rd5 b6 16. Rb5 Rc6 17. Be2 e6 18. Rd1 Qc7 19. Nd4 Nc4 20. Qg3 Bh6+ 21. Kb1 Na3+ 22. Ka2 Rxc3 23. Qxc3 Qxc3 24. bxc3 Nxb5 25. Nxb5 Bf4 26. h3 Rc8 27. Kb3 Be5 28. Bc4 Rc6 29. Rd3 Kg7 30. Na3 Rc5 31. Ba6 f5 32. exf5 exf5 33. Nc4 f4 34. Nxd6 g5 35. Ne4 Kg6 36. Nxc5 bxc5 37. Kc4 h5 38. Bc8 1-0

[Event "North American-ch U20"]
[Site "Kitchener"]
[Date "2014.07.31"]
[Round "1.11"]
[White "Sohal, Tanraj"]
[Black "Ming, Wenyang"]
[Result "1/2-1/2"]
[WhiteElo "2186"]
[BlackElo "1782"]
[PlyCount "72"]
[EventDate "2014.07.31"]
[EventType "swiss"]
[EventRounds "9"]
[EventCountry "CAN"]
[SourceTitle "EXT 2022"]
[Source "ChessBase"]
[SourceDate "2021.10.06"]
[SourceVersion "1"]
[SourceVersionDate "2021.10.06"]
[SourceQuality "1"]

1. d4 Nf6 2. c4 c5 3. d5 b5 4. cxb5 a6 5. bxa6 g6 6. Nc3 Bxa6 7. e4 Bxf1 8. Kxf1 d6 9. Nf3 Bg7 10. g3 Nbd7 11. Kg2 0-0 12. Re1 Qa5 13. a4 Rfb8 14. Qc2 Ng4 15. Bd2 Qb4 16. Reb1 Qb3 17. Qc1 Nde5 18. Ra3 Qb4 19. Ne1 Qd4 20. Be3 Nxe3+ 21. fxe3 Qb4 22. Nc2 Qc4 23. Ne1 Nd3 24. Nxd3 Qxd3 25. Kf3 Rb4 26. Qd1 Qxd1+ 27. Nxd1 Raxa4 28. Nc3 Bxc3 29. Rxa4 Rxa4 30. bxc3 f5 31. exf5 gxf5 32. Rb8+ Kg7 33. Re8 Kf6 34. Rf8+ Kg6 35. Re8 Kf7 36. Rh8 Kg7 1/2-1/2

[Event "Montreal Pere Noel op"]
[Site "Montreal"]
[Date "2013.12.28"]
[Round "3"]
[White "Saha, Ananda"]
[Black "Ming, Wenyang"]
[Result "0-1"]
[WhiteElo "1808"]
[BlackElo "1822"]
[PlyCount "132"]
[EventDate "2013.12.26"]
[EventType "swiss"]
[EventRounds "5"]
[EventCountry "CAN"]
[SourceTitle "CBM 158 Extra"]
[Source "ChessBase"]
[SourceDate "2014.02.28"]
[SourceVersion "1"]
[SourceVersionDate "2014.02.28"]
[SourceQuality "1"]

1. d4 Nf6 2. c4 c5 3. d5 b5 4. cxb5 a6 5. b6 d6 6. Nc3 Nbd7 7. e4 Rb8 8. a4 Rxb6 9. a5 Rb4 10. Ra4 g6 11. f4 Bg7 12. Nf3 0-0 13. Bd3 Re8 14. 0-0 Qc7 15. Na2 Rxa4 16. Qxa4 c4 17. Qxc4 Qxc4 18. Bxc4 Nxe4 19. b4 Ndf6 20. Bb2 Bb7 21. Rd1 Rc8 22. Bb3 Rc7 23. Ne1 Ng4 24. Bxg7 Kxg7 25. Rd4 Nc3 26. Nxc3 Rxc3 27. Rd3 Rxd3 28. Nxd3 Ne3 29. Kf2 Nxd5 30. Bxd5 Bxd5 31. g3 Bc4 32. Ke3 Kf6 33. Kd4 Bb5 34. Nb2 Ke6 35. Nd1 Kd7 36. Nc3 Bc6 37. h4 e6 38. Nd1 f6 39. Ne3 e5+ 40. Kd3 f5 41. Kc3 Ke6 42. fxe5 dxe5 43. Kc4 Kd6 44. Kd3 Bd5 45. Kc3 Be6 46. Nd1 h6 47. Nf2 g5 48. hxg5 hxg5 49. Kd3 Kd5 50. Ke3 f4+ 51. gxf4 exf4+ 52. Kf3 Bf5 53. b5 axb5 54. Nd1 b4 55. Nb2 Kc5 56. a6 Kb6 57. Nc4+ Kxa6 58. Nd6 b3 59. Nc4 Kb5 60. Nb2 Kb4 61. Ke2 g4 62. Nd1 g3 63. Kf1 Bg4 64. Nb2 f3 65. Nd3+ Kc3 66. Ne1 b2 0-1

[Event "Toronto NAYCC U10"]
[Site "Toronto"]
[Date "2013.08.17"]
[Round "6"]
[White "Noritsyn, Sergey"]
[Black "Ming, Wenyang"]
[Result "1-0"]
[WhiteElo "2006"]
[BlackElo "1815"]
[PlyCount "113"]
[EventDate "2013.08.14"]
[EventType "swiss"]
[EventRounds "9"]
[EventCountry "CAN"]
[SourceTitle "EXT 2022"]
[Source "ChessBase"]
[SourceDate "2021.10.06"]
[SourceVersion "1"]
[SourceVersionDate "2021.10.06"]
[SourceQuality "1"]

1. e4 c5 2. Nf3 d6 3. c3 Nf6 4. h3 g6 5. Bd3 Bg7 6. Bc2 0-0 7. 0-0 Nc6 8. a3 Bd7 9. d4 cxd4 10. cxd4 Rc8 11. Nc3 Na5 12. Qe2 e6 13. e5 Ne8 14. Bf4 d5 15. Ng5 Qb6 16. Rfd1 Qxb2 17. Bxg6 Qxe2 18. Bxh7+ Kh8 19. Nxe2 f6 20. exf6 Rxf6 21. Bd3 Nb3 22. Rab1 Nxd4 23. Nxd4 Rxf4 24. Ndxe6 Bxe6 25. Nxe6 Rf7 26. Bg6 Re7 27. Bf5 Rc6 28. Nf4 Rf7 29. Rxd5 Nd6 30. Ng6+ Kh7 31. Bd3 Kh6 32. g4 Bf6 33. Ne5 Bxe5 34. Rxe5 Kg7 35. Rb3 a6 36. Kg2 b5 37. h4 Rf4 38. Kg3 Rf6 39. g5 Rf8 40. h5 Nf7 41. Re7 Kg8 42. f4 Rb6 43. g6 Nh6 44. Rh7 Nf5+ 45. Bxf5 Rxf5 46. Re3 Rff6 47. Re8+ Rf8 48. Rxf8+ Kxf8 49. f5 Kg8 50. Kg4 a5 51. Ra7 b4 52. h6 Rb8 53. h7+ Kh8 54. Kg5 b3 55. Kh6 Rg8 56. hxg8Q+ Kxg8 57. Ra8# 1-0

[Event "Toronto NAYCC U10"]
[Site "Toronto"]
[Date "2013.08.16"]
[Round "5"]
[White "Baradaran, Arman"]
[Black "Ming, Wenyang"]
[Result "0-1"]
[WhiteElo "1832"]
[BlackElo "1815"]
[PlyCount "156"]
[EventDate "2013.08.14"]
[EventType "swiss"]
[EventRounds "9"]
[EventCountry "CAN"]
[SourceTitle "EXT 2022"]
[Source "ChessBase"]
[SourceDate "2021.10.06"]
[SourceVersion "1"]
[SourceVersionDate "2021.10.06"]
[SourceQuality "1"]

1. d4 Nf6 2. c4 c5 3. d5 b5 4. cxb5 a6 5. b6 d6 6. Nc3 Nbd7 7. e4 Rb8 8. Nf3 g6 9. Bd3 Bg7 10. h3 0-0 11. Rb1 Rxb6 12. 0-0 a5 13. Bd2 Ba6 14. Qe2 Bxd3 15. Qxd3 Rb4 16. b3 Rb7 17. Bf4 Qb8 18. Na4 Rc8 19. Bh2 Rb4 20. Nd2 Rd4 21. Qe2 Qb4 22. Rfd1 Nxe4 23. Nc4 Rxc4 24. Qxc4 Qxc4 25. bxc4 Bd4 26. Rf1 Nd2 27. Rb7 Nxf1 28. Kxf1 Ne5 29. Nb6 Re8 30. Ke2 f5 31. f4 Nf7 32. Nd7 e6 33. Rb8 Rxb8 34. Nxb8 e5 35. Nc6 a4 36. h4 e4 37. Bg3 Kf8 38. Be1 Ke8 39. Ba5 Kd7 40. Bb6 Bf6 41. g3 Bd8 42. Nxd8 Nxd8 43. Ba5 Nb7 44. Be1 a3 45. Kd1 Kc7 46. Kc2 Kb6 47. Bd2 Na5 48. Kc3 Nb7 49. Kc2 Nd8 50. Kb3 Nf7 51. Kxa3 Nh6 52. Kb3 Ng4 53. Kc2 Nh2 54. Be1 Nf3 55. Bc3 Ng1 56. Kd2 Nf3+ 57. Ke3 Nh2 58. Ke2 Ng4 59. Bg7 Ka5 60. a3 Ka4 61. Bf8 Nf6 62. Bxd6 Nd7 63. Be5 Kxa3 64. d6 Kb3 65. g4 fxg4 66. h5 gxh5 67. Bg7 Kxc4 68. f5 Kd5 69. f6 Kxd6 70. f7 Ke7 71. f8Q+ Nxf8 72. Be5 Ke6 73. Bg3 Ng6 74. Ke3 h4 75. Bf2 g3 76. Bg1 h3 77. Kxe4 h2 78. Bxc5 h1Q+ 0-1

[Event "Toronto NAYCC U10"]
[Site "Toronto"]
[Date "2013.08.15"]
[Round "2"]
[White "Ming, Wenyang"]
[Black "Feng, Richard"]
[Result "1/2-1/2"]
[WhiteElo "1815"]
[BlackElo "1534"]
[PlyCount "81"]
[EventDate "2013.08.14"]
[EventType "swiss"]
[EventRounds "9"]
[EventCountry "CAN"]
[SourceTitle "EXT 2022"]
[Source "ChessBase"]
[SourceDate "2021.10.06"]
[SourceVersion "1"]
[SourceVersionDate "2021.10.06"]
[SourceQuality "1"]

1. e4 c5 2. Ne2 d6 3. g3 Nf6 4. Bg2 g6 5. c3 Nc6 6. d4 cxd4 7. cxd4 Bg7 8. 0-0 0-0 9. Nbc3 Bd7 10. h3 Qc8 11. Kh2 e6 12. Be3 Ne8 13. Rc1 Qd8 14. Qd2 e5 15. dxe5 Nxe5 16. Nd5 f5 17. Bg5 Nf6 18. Nxf6+ Bxf6 19. Bh6 Re8 20. Qxd6 Bb5 21. Qxd8 Raxd8 22. Rce1 fxe4 23. a4 Bc4 24. b3 Ba6 25. Rh1 g5 26. Bxe4 Nf7 27. b4 Nxh6 28. Nc1 Bc3 29. Bxh7+ Kxh7 30. Rxe8 Rxe8 31. b5 Bxb5 32. axb5 Re1 33. Rxe1 Bxe1 34. Nd3 Bc3 35. Nc5 b6 36. Ne4 Bd4 37. Nxg5+ Kg6 38. f4 Nf5 39. Ne6 Kf6 40. Nc7 Bf2 41. g4 1/2-1/2

[Event "CAN-ch U10"]
[Site "Ottawa"]
[Date "2013.07.12"]
[Round "5"]
[White "Ming, Wenyang"]
[Black "Feng, Richard"]
[Result "1/2-1/2"]
[WhiteElo "1851"]
[BlackElo "1364"]
[PlyCount "51"]
[EventDate "2013.07.10"]
[EventType "swiss"]
[EventRounds "6"]
[EventCountry "CAN"]
[SourceTitle "EXT 2022"]
[Source "ChessBase"]
[SourceDate "2021.10.06"]
[SourceVersion "1"]
[SourceVersionDate "2021.10.06"]
[SourceQuality "1"]

1. e4 c5 2. Ne2 d6 3. g3 Nf6 4. Bg2 g6 5. c3 Bg7 6. d4 cxd4 7. cxd4 Nc6 8. Nbc3 0-0 9. 0-0 Bd7 10. h3 Qc8 11. Kh2 Nh5 12. g4 Nf6 13. Be3 Qc7 14. Rc1 Qd8 15. Qd2 e6 16. f4 Ne7 17. e5 dxe5 18. fxe5 Nfd5 19. Bh6 Bc6 20. Ne4 f5 21. exf6 Nxf6 22. Bxg7 Kxg7 23. Nc5 Qd6+ 24. Qf4 Nxg4+ 25. hxg4 Rxf4 26. Nxf4 1/2-1/2

[Event "CAN-ch U10"]
[Site "Ottawa"]
[Date "2013.07.11"]
[Round "3"]
[White "Ming, Wenyang"]
[Black "Rodrigue Lemieux, Shawn"]
[Result "1/2-1/2"]
[WhiteElo "1851"]
[BlackElo "1560"]
[PlyCount "35"]
[EventDate "2013.07.10"]
[EventType "swiss"]
[EventRounds "6"]
[EventCountry "CAN"]
[SourceTitle "EXT 2022"]
[Source "ChessBase"]
[SourceDate "2021.10.06"]
[SourceVersion "1"]
[SourceVersionDate "2021.10.06"]
[SourceQuality "1"]

1. e4 c5 2. Nf3 d6 3. Bd3 Nf6 4. c3 g6 5. Bc2 Bg7 6. d4 cxd4 7. cxd4 0-0 8. Nc3 Nc6 9. 0-0 Bg4 10. Be3 Nd7 11. Bb3 Bxf3 12. gxf3 Kh8 13. d5 Na5 14. Bd4 Nxb3 15. Bxg7+ Kxg7 16. Qxb3 Qb6 17. Qa4 Ne5 18. Kg2 1/2-1/2

[Event "CAN-ch U10"]
[Site "Vancouver"]
[Date "2012.07.04"]
[Round "3"]
[White "Ming, Wenyang"]
[Black "Pulfer, Luke"]
[Result "1/2-1/2"]
[WhiteElo "1324"]
[BlackElo "1667"]
[PlyCount "57"]
[EventDate "2012.07.03"]
[EventType "swiss"]
[EventRounds "7"]
[EventCountry "CAN"]
[SourceTitle "EXT 2022"]
[Source "ChessBase"]
[SourceDate "2021.10.06"]
[SourceVersion "1"]
[SourceVersionDate "2021.10.06"]
[SourceQuality "1"]

1. e4 e5 2. Nf3 Nc6 3. Bc4 Bc5 4. d3 h6 5. Nbd2 Nf6 6. Nf1 d6 7. c3 d5 8. exd5 Nxd5 9. Bb5 Bd6 10. Bxc6+ bxc6 11. Ng3 0-0 12. 0-0 Ba6 13. Re1 Re8 14. Nf5 Qf6 15. Ne3 Qg6 16. d4 e4 17. Nd2 Bd3 18. Ndf1 f5 19. g3 f4 20. Ng2 f3 21. Nge3 Nf4 22. Kh1 Be2 23. Qb3+ Ne6 24. Qc2 Kh8 25. a4 a5 26. Qd2 Ng5 27. Rxe2 fxe2 28. Qxe2 Nf3 29. Nd2 1/2-1/2

[Event "Scarborough CC Falling Leaves U1400"]
[Site "Toronto"]
[Date "2011.12.15"]
[Round "7"]
[White "Zhang, Taylor"]
[Black "Ming, Wenyang"]
[Result "1-0"]
[WhiteElo "1186"]
[BlackElo "1215"]
[PlyCount "127"]
[EventDate "2011.11.03"]
[EventType "swiss"]
[EventRounds "7"]
[EventCountry "CAN"]
[SourceTitle "EXT 2022"]
[Source "ChessBase"]
[SourceDate "2021.10.06"]
[SourceVersion "1"]
[SourceVersionDate "2021.10.06"]
[SourceQuality "1"]

1. e4 c5 2. Nc3 Nc6 3. f4 e6 4. Nf3 Bd6 5. d3 Qc7 6. e5 Be7 7. Be2 d6 8. exd6 Bxd6 9. Nb5 Qa5+ 10. Nc3 a6 11. 0-0 Qc7 12. Ng5 h6 13. Nge4 Be7 14. Be3 b6 15. Ng3 Nf6 16. a4 Bb7 17. f5 Nd5 18. Nxd5 exd5 19. Bf4 Qd7 20. Bg4 Bf6 21. Nh5 Bd4+ 22. Kh1 Bf6 23. Re1+ Ne7 24. Be5 Bxe5 25. Rxe5 Qd6 26. Qe2 0-0 27. Rxe7 Bc6 28. Re3 d4 29. Rg3 Rfe8 30. Qd2 Re5 31. f6 Re3 32. Bf3 g6 33. c3 Kh7 34. Bxc6 Qxc6 35. Nf4 Rae8 36. Rxe3 dxe3 37. Qe2 Qxf6 38. Rf1 Qd6 39. h3 b5 40. axb5 axb5 41. c4 bxc4 42. dxc4 g5 43. Nd5 Kg7 44. Nxe3 Qe5 45. Rf3 f5 46. Qd2 f4 47. Ng4 h5 48. Nxe5 Rxe5 49. Qd7+ Kf6 50. Rd3 g4 51. h4 Re1+ 52. Kh2 g3+ 53. Rxg3 fxg3+ 54. Kxg3 Re3+ 55. Kf4 Re7 56. Qf5+ Kg7 57. Kg5 Rf7 58. Qe5+ Kh7 59. Kxh5 Kg8 60. Kg6 Rf6+ 61. Kxf6 Kh7 62. Qh5+ Kg8 63. Qg6+ Kf8 64. Qf7# 1-0

[Event "Scarborough CC Spring Into Summer U1700"]
[Site "Toronto"]
[Date "2011.06.09"]
[Round "6"]
[White "Zhao, Harry"]
[Black "Ming, Wenyang"]
[Result "1-0"]
[WhiteElo "1469"]
[BlackElo "1209"]
[PlyCount "100"]
[EventDate "2011.04.28"]
[EventType "swiss"]
[EventRounds "9"]
[EventCountry "CAN"]
[SourceTitle "EXT 2022"]
[Source "ChessBase"]
[SourceDate "2021.10.06"]
[SourceVersion "1"]
[SourceVersionDate "2021.10.06"]
[SourceQuality "1"]

1. e4 c5 2. Nf3 d6 3. d4 cxd4 4. Nxd4 Nf6 5. Nc3 g6 6. b3 Bg7 7. Bb2 0-0 8. Qd2 Nc6 9. Nf3 a6 10. Bd3 Bd7 11. 0-0-0 b5 12. Ne2 Rc8 13. Kb1 Qc7 14. Ng3 Rfe8 15. h4 h5 16. Ng5 Rb8 17. f4 Rb7 18. f5 Nh7 19. Bxg7 Kxg7 20. fxg6 fxg6 21. Nxh7 Kxh7 22. Qg5 Bg4 23. Rdf1 Ne5 24. Rf2 Rg8 25. Rhf1 e6 26. Rf8 Rxf8 27. Rxf8 Qg7 28. Rf6 Rf7 29. Rxf7 Qxf7 30. Qe3 Qc7 31. Be2 Qc5 32. Qxc5 dxc5 33. Kc1 Bxe2 34. Nxe2 Ng4 35. Kd2 Kh6 36. Nf4 e5 37. Nd3 c4 38. bxc4 bxc4 39. Nc5 a5 40. Nb7 a4 41. Nd6 g5 42. hxg5+ Kxg5 43. Nxc4 Kf4 44. Ke2 Kxe4 45. Nd2+ Kd4 46. Nb1 Ne3 47. c3+ Ke4 48. Nd2+ Kf4 49. g3+ Kxg3 50. Kxe3 h4 1-0

[Event "Scarborough CC-ch Reserves U1700"]
[Site "Toronto"]
[Date "2011.04.21"]
[Round "9"]
[White "Feng, Richard"]
[Black "Ming, Wenyang"]
[Result "0-1"]
[WhiteElo "1125"]
[BlackElo "1198"]
[PlyCount "92"]
[EventDate "2011.02.24"]
[EventType "swiss"]
[EventRounds "9"]
[EventCountry "CAN"]
[SourceTitle "EXT 2022"]
[Source "ChessBase"]
[SourceDate "2021.10.06"]
[SourceVersion "1"]
[SourceVersionDate "2021.10.06"]
[SourceQuality "1"]

1. e4 c5 2. Nc3 d6 3. Nf3 Nc6 4. Bc4 Nf6 5. 0-0 a6 6. d3 b5 7. Bb3 b4 8. Ba4 Bd7 9. Ne2 e6 10. c3 Be7 11. d4 bxc3 12. bxc3 Nxe4 13. Qd3 Nf6 14. c4 cxd4 15. Nexd4 Nxd4 16. Bxd7+ Qxd7 17. Nxd4 e5 18. Nb3 0-0 19. Bg5 h6 20. Bxf6 Bxf6 21. c5 Rfd8 22. Qc4 dxc5 23. Nxc5 Qd5 24. Qxd5 Rxd5 25. Ne4 Be7 26. Nc3 Rd3 27. Rac1 Bg5 28. Rc2 Rc8 29. f4 Bxf4 30. g3 Be3+ 31. Kg2 Rcxc3 32. Rxc3 Rxc3 33. Rd1 Rc2+ 34. Kf3 Bd4 35. a4 Rxh2 36. Rc1 Ra2 37. Rc4 Ra3+ 38. Kg4 Bf2 39. Rc8+ Kh7 40. Kf5 Bxg3 41. Rc7 e4 42. Re7 Rxa4 43. Rxe4 Rxe4 44. Kxe4 a5 45. Kd3 a4 46. Ke4 a3 0-1